Estimació de la variació del producte interior brut de Catalunya de 1989 / Àngela Fernández, Joan Luria, Xavier Mateos
Descripción Física:
64 p. ; 24 cm
MARC
| LEADER | 00000nam a2200000Ia 4500 | ||
|---|---|---|---|
| 001 | 9162 | ||
| 008 | 160829s9999 xx 000 0 cat d | ||
| 080 | |a M-3-357 | ||
| 100 | |a Fernández, Àngela |9 36311 | ||
| 245 | |a Estimació de la variació del producte interior brut de Catalunya de 1989 / Àngela Fernández, Joan Luria, Xavier Mateos | ||
| 260 | |a Barcelona : |b Generalitat de Catalunya, Direcció General de Programació Econòmica, DL 1990 | ||
| 300 | |a 64 p. ; |c 24 cm | ||
| 650 | 0 | |a Economia |z Catalunya |9 19142 | |
| 650 | 0 | |a Producte interior brut |z Catalunya |9 3495 | |
| 700 | |a Luria, Joan |9 36312 | ||
| 700 | |a Mateos, Xavier |9 36313 | ||
| 901 | |a Arxiu | ||
| 942 | |n 1 | ||
| 952 | |0 0 |1 0 |4 0 |6 M3357 |7 1 |9 47283 |a Arxiu |b Arxiu |d 2016-12-01 |l 0 |o M-3-357 |p 9162 |r 2016-12-01 00:00:00 |w 2016-12-01 |y ARXIU | ||
| 999 | |c 51080 |d 51080 | ||